| 000 | 00371 a2200169 4500 | ||
|---|---|---|---|
| 001 | 182927 | ||
| 020 | _a85-359-0021-7 | ||
| 040 | _cMagnum | ||
| 100 | _aScliar, Moacyr | ||
| 240 | 1 | 0 |
_aOs leopardos de kafka _lpor |
| 245 | 1 | 0 | _aOs leopardos de kafka |
| 300 | _a117 | ||
| 362 | 0 | _a2000 | |
| 440 | 1 | _aCompanhia das Letras | |
| 697 | _aLITERATURA GERAL | ||
| 942 | _cBK | ||
| 999 |
_c182927 _d182927 |
||